| 000 | 00643cab a2200205 4500 | ||
|---|---|---|---|
| 001 | WB2727-30 | ||
| 008 | 090401t1991 xxu||||| |||| 00| 0 eng d | ||
| 035 | _a(Sirsi) u34433 | ||
| 041 | _aeng | ||
| 245 | _aChesterton`s share-ownership scheme | ||
| 260 | _c1991 | ||
| 350 | _a0 | ||
| 490 |
_aEstates Times _v(1103) 5 July 1991, 3(1) |
||
| 520 | _aChesterton , abandoning its partnership structure, is offering about 15% of its equity to staff in the Autumn. | ||
| 650 | _aABOUT RICS-RICS MEMBERS | ||
| 650 | _aCOMMERCIAL AGENTS | ||
| 690 | _aMANAGEMENT-BUSINESS MANAGEMENT-PROFESSIONAL PRACTICE | ||
| 942 | _n0 | ||
| 948 | _c04/03/1997 | ||
| 999 |
_c22809 _d22809 |
||